000 00801nam0a22002531 4500
001 rc\832090
005 20250622010334.0
035 _a(NLR Aleph) 006014092
090 _a7359137
_c7359137
100 _a20041129d1984 |||y0rusy50 ca
101 0 _arus
102 _aRU
105 _aa |||||||||
200 1 _aШандор Петефи
_fПер. с венг. [и предисл.] Е.И. Малыхиной
210 _aМ.
_cРадуга
_d1984
215 _a467 с., 6 л. ил.
_cпортр.
_d20
300 _aПеревод изд.: Petofi Sandor / G. Jllyes (Budapest, 1971)
600 1 _aПетефи
_bШ.
_gШандор
_2psbo
700 1 _aИйеш
_bД.
_f1902-1983
_gДюла
801 0 _aRU
_bNLR
_gpsbo
801 1 _aRU
_bELAR
_2rusmarc
852 _aNLR
_j84-3/7353
942 _cBOOK
980 _aNB